| 000 | 00653cam a22002414a 4500 | ||
|---|---|---|---|
| 001 | sjds15397867 | ||
| 003 | sjds | ||
| 005 | 20200311130241.0 | ||
| 008 | 080805s2006 ho 000 0 spa | ||
| 010 | _a 2008449866 | ||
| 020 | _a9992667478 | ||
| 020 | _a9789992667477 | ||
| 040 |
_aDLC _cDLC |
||
| 041 | _aspa | ||
| 050 | 0 | 0 |
_aPQ7509.3.F56 _bA13 2006 |
| 100 | 1 |
_aFlorian, Edgardo, _d1975- |
|
| 245 | 1 | 0 |
_a2da estacion / _cEdgardo Florian. |
| 246 | 3 | _aSegunda estacion | |
| 260 |
_aTegucigalpa : _bIxbalam Editores, _c2006. |
||
| 300 |
_a97 p. ; _c22 cm. |
||
| 942 |
_cBK _2ddc |
||
| 999 |
_c24386 _d24386 |
||